000
00283nam a22001217a 4500
020
_a
0-7506-1014-X
082
_a
621 CAR'M
100
_a
CARVILL, J
_9
67561
245
_a
MECHANICAL ENGINEER'S DATA HANDBOOK
260
_a
OXFORD
_b
BUTTERWORTH
_c
1993
300
_a
X,342P
942
_c
BK
999
_c
575308
_d
575308